LEADER 01502nam--2200469---450- 001 990000749350203316 005 20070523123302.0 010 $a88-85316-84-0 035 $a0074935 035 $aUSA010074935 035 $a(ALEPH)000074935USA01 035 $a0074935 100 $a20011119d1996----km-y0itay0103----ba 101 $aita 102 $aIT 105 $a||||||||001yy 200 1 $a<> soggettività nel Medioevo$eunn'antologia di testi latini e romanzi$fCharmaine Lee 210 $aManziana$cVecchiarelli$d1996 215 $a237 p.$d17 cm 225 2 $aFilologia$v1 410 $12001$aFilologia$v1 461 1$1001-------$12001 606 0 $aLetteratura$zSec. 11.-15.$xAntologie 606 0 $aAutpbiografie e memorie$zSec. 11.-15.$xAntologie 676 $a808.8002 700 1$aLEE,$bCharmaine$0168227 801 0$aIT$bsalbc$gISBD 912 $a990000749350203316 951 $aV.5.C. 3(XII B COLL 39/1)$b131761 LM$cXII B COLL 951 $aV.5.C. 3B(XII B COLL 39/1 BIS)$b131762 LM$cXII B COLL 951 $aV.5.C. 3a(XII B COLL 39/1 A)$b131763 LM$cXII B COLL 959 $aBK 969 $aUMA 969 $aDILAM 979 $aPATTY$b90$c20011119$lUSA01$h1316 979 $aPATRY$b90$c20020201$lUSA01$h1041 979 $c20020403$lUSA01$h1722 979 $aPATRY$b90$c20040406$lUSA01$h1652 979 $aCOPAT3$b90$c20050512$lUSA01$h1138 979 $aDILAM$b90$c20070523$lUSA01$h1233 996 $aSoggettività nel Medioevo$9567246 997 $aUNISA LEADER 01178nam 2200385 450 001 9910528486803321 010 $a93-85059-97-1 035 $a(CKB)4100000009038677 035 $a(MiAaPQ)EBC5850048 035 $a(EXLCZ)994100000009038677 100 $a20190916d2019 uy 0 101 0 $aeng 135 $aurcnu|||||||| 181 $ctxt$2rdacontent 182 $cc$2rdamedia 183 $acr$2rdacarrier 200 00$aGreen apparels $ea sustainable way of apparel manufacturing /$feditors, Dr. M. Parthiban, Dr. M.R. Srikrishnan, Dr. P. Kandhavadivu 210 1$aNew Delhi, India :$cWoodhead Publishing India Pvt Ltd,$d[2019] 210 4$d©2019 215 $a1 online resource (237 pages) 311 $a93-85059-51-3 606 $aTextile industry$xEnvironmental aspects 608 $aElectronic books. 615 0$aTextile industry$xEnvironmental aspects. 676 $a363.731 702 $aParthiban$b M. 702 $aSrikrishnan$b M. R. 702 $aKandhavadivu$b P. 801 0$bMiAaPQ 801 1$bMiAaPQ 801 2$bMiAaPQ 906 $aBOOK 912 $a9910528486803321 996 $aGreen apparels$92638610 997 $aUNINA LEADER 01123nam a2200289 i 4500 001 991001222479707536 005 20020507185515.0 008 930909s1973 us ||| | eng 020 $a0821814230 035 $ab10817682-39ule_inst 035 $aLE01308923$9ExL 040 $aDip.to Matematica$beng 082 0 $a515.353 084 $aAMS 35-XX 084 $aQA374.S93 100 1 $aSpencer, Donald Clayton$0102699 245 10$aPartial differential equations :$bproc. symp. in Pure math. of AMS held at Univ. California, Berkeley, August 9-27, 1971 /$ced. D. C. Spencer 260 $aProvidence, R. I. :$bAmerican Mathematical Society,$c1973 300 $avii, 505 p. ;$c25 cm. 500 $aConference/meeting Berkeley 1971 650 4$aPartial differential equations$xCongresses 907 $a.b10817682$b21-09-06$c28-06-02 912 $a991001222479707536 945 $aLE013 35-XX SPE11 (1973)$g1$i2013000002903$lle013$o-$pE0.00$q-$rl$s- $t0$u1$v0$w1$x0$y.i10924401$z28-06-02 996 $aPartial differential equations$9925116 997 $aUNISALENTO 998 $ale013$b01-01-93$cm$da $e-$feng$gus $h0$i1